00841cam a22002771 45000010005000000030006000050050017000110080041000280100017000690200018000860350019001040400040001230420012001630500018001750820008001931000021002012450052002222500023002742600038002973000047003355050007003825200087003895210020004765210018004966500049005143118FISKH20240207112810.0790524s1950 nyua j 000 1 eng  a 50008615  a9780380709120 a(OCoLC)4999826 aDLCcMs-CdOCoLCdWaChenEdDLCbeng apremarc00aPZ7.C5792bHe a8601 aCleary, Beverly.10aHenry Huggins / cillustrated by Louis Darling. aThis edition 2014  aNew York,bHarper Collins c1950. a176, 10 pages : billustrations ; c20 cm  aQ  aWhen Henry adopts Ribsy, a dog of no particular breed, humorous adventures follow.8 a670 bLexile 8 aQ bRaz-Plus  aChapter Book Series vFiction and Literature